| 000 | 00371nam a2200145Ia 4500 | ||
|---|---|---|---|
| 008 | 240624s9999 xx 000 0 und d | ||
| 041 | _aeng | ||
| 082 | _a778.71 BUS | ||
| 100 | _aBUSCH DAVID D | ||
| 245 | _aDAVID BUSCH S MASTERING DIGITAL SLR PHOT | ||
| 250 | _a(4th ed.) | ||
| 260 |
_c2014 _aAustralia _bCengage Learning PTR |
||
| 300 | _a464 : p. | ||
| 365 |
_cGBP _b25 |
||
| 999 |
_c26985 _d26985 |
||